|
|
|
|
| LEADER |
01453nam a2200361 a 4500 |
| 001 |
EBC863023 |
| 003 |
MiAaPQ |
| 005 |
20200520144314.0 |
| 006 |
m o d | |
| 007 |
cr cn||||||||| |
| 008 |
120227s2011 sz ad sb i000 0 eng d |
| 020 |
|
|
|z 9789292510008
|
| 020 |
|
|
|a 9789292510015 (electronic bk.)
|
| 035 |
|
|
|a (MiAaPQ)EBC863023
|
| 035 |
|
|
|a (Au-PeEL)EBL863023
|
| 035 |
|
|
|a (CaPaEBR)ebr10530991
|
| 035 |
|
|
|a (OCoLC)778340032
|
| 040 |
|
|
|a MiAaPQ
|c MiAaPQ
|d MiAaPQ
|
| 043 |
|
|
|a f-ti---
|
| 050 |
|
4 |
|a HD82
|b .I58 2011
|
| 110 |
2 |
|
|a International Labour Organization.
|
| 245 |
1 |
0 |
|a Tunisia
|h [electronic resource] :
|b a new social contract for fair and equitable growth /
|c International Labour Organization, International Institute for Labour Studies.
|
| 260 |
|
|
|a Geneva :
|b International Labour Organization,
|c 2011.
|
| 300 |
|
|
|a xi, 122 p. :
|b ill. (some col.).
|
| 490 |
1 |
|
|a Studies on growth with equity
|
| 504 |
|
|
|a Includes bibliographical references.
|
| 533 |
|
|
|a Electronic reproduction. Ann Arbor, MI : ProQuest, 2015. Available via World Wide Web. Access may be limited to ProQuest affiliated libraries.
|
| 650 |
|
0 |
|a Economic development
|z Tunisia.
|
| 655 |
|
4 |
|a Electronic books.
|
| 710 |
2 |
|
|a International Institute for Labour Studies.
|
| 710 |
2 |
|
|a ProQuest (Firm)
|
| 830 |
|
0 |
|a Studies on growth with equity.
|
| 856 |
4 |
0 |
|u https://ebookcentral.proquest.com/lib/matrademy/detail.action?docID=863023
|z Click to View
|